Linear algebra and its applications
The book provides a modern elementary introduction to linear algebra and some of its interesting applications
保存先:
| 第一著者: | |
|---|---|
| フォーマット: | 図書 |
| 言語: | Undetermined |
| 出版事項: |
Reading, Massachusetts
Addison-Wesley
1996
|
| 主題: | |
| タグ: |
タグ追加
タグなし, このレコードへの初めてのタグを付けませんか!
|
| Thư viện lưu trữ: | Trung tâm Học liệu Trường Đại học Cần Thơ |
|---|
| LEADER | 00627nam a2200205Ia 4500 | ||
|---|---|---|---|
| 001 | CTU_22755 | ||
| 008 | 210402s9999 xx 000 0 und d | ||
| 020 | |c 125 | ||
| 082 | |a 512.5 | ||
| 082 | |b L426 | ||
| 100 | |a Lay, David C | ||
| 245 | 0 | |a Linear algebra and its applications | |
| 245 | 0 | |c David C Lay | |
| 260 | |a Reading, Massachusetts | ||
| 260 | |b Addison-Wesley | ||
| 260 | |c 1996 | ||
| 520 | |a The book provides a modern elementary introduction to linear algebra and some of its interesting applications | ||
| 650 | |a Algebras, linear | ||
| 904 | |i Minh | ||
| 980 | |a Trung tâm Học liệu Trường Đại học Cần Thơ | ||